000
00227nam a2200097Ia 4500
001
693291
005
20250826161911.0
008
250824s9999 xx 000 0 und d
245
0
_a
Lord Jim
_c
Joseph Conrad
260
_b
İLETİŞİM
999
_c
693291
_d
693291